000 00451nam a2200157Ia 4500
005 20250423095514.0
008 250422s9999 xx 000 0 und d
020 _a9781599948270
050 _aQA 76.9.D34 .G47/
245 0 _aGetting started with SAS Enterprise Miner 5.3 |h [electronic resource]
260 _aCary
260 _bSAS Pub.
260 _cc2008
650 _aData mining. SAS (Computer file) Electronic books. |2 lcsh
942 _cBK
999 _c30480
_d30480